Just For Fun Quiz / Whatzits! A Picture-Phrase Slideshow

Random Just For Fun or Word Play Quiz

Results

Quiz not verified by Sporcle

Also try: Pictorial Phrases
Challenge
Share
Tweet
Score 0/20 Timer 08:00
2 Plays Today
% Correct
Think Outside of the Box
96%
Read Between the Lines
91.9%
Downtown
85.7%
Low Tide
85.5%
Feeling Under the Weather
82%
The Cat in the Hat
81.3%
Forgive and Forget
79.1%
Run Circles Around the Competition
76%
Lickety Split
75.2%
Back-talk
70.2%
% Correct
The Wright Brothers
59.1%
Top Dog
52.8%
Raising the Roof
42.1%
Roll Up Your Sleeves
32.2%
Thrown for a Loop
31.1%
Missing Link
14.5%
Long Time, No See
14.2%
Neon Lights
13.2%
One of a Kind/The Odd One Out
2.8%
Mixed Emotions
2.1%
 
Number % Answered
20 (all)
1.1%
18-19
1.5%
16-17
6.8%
14-15
15.9%
12-13
25.3%
10-11
19.1%
8-9
11.9%
6-7
6.5%
4-5
4.5%
2-3
5.4%
1-1
2.1%

You're not logged in!

Compare scores with friends on all Sporcle quizzes.
Sign Up with Email
OR
Log In

You Might Also Like...

Show Comments

Extras


Your Account Isn't Verified!

In order to create a playlist on Sporcle, you need to verify the email address you used during registration. Go to your Sporcle Settings to finish the process.